| 000 | 00323nam a2200133Ia 4500 | ||
|---|---|---|---|
| 082 |
_a610.72 _bR14K |
||
| 100 | _aKOTHARI, C.R. | ||
| 245 | _aRESEARSH METHODOLOGY : METHODS & TECHNIQUES | ||
| 250 | _a3RD | ||
| 260 |
_bNEW AGE INTERNATIONAL PUB. _aDELHI _c2014 |
||
| 300 | _a1-449 | ||
| 650 | _aRESEARCH | ||
| 942 |
_2ddc _cBK _037 |
||
| 999 |
_c1784 _d1784 |
||